Statistics for English Words of Arabic Origin

Click here to take the quiz!

General Stats

  • This quiz has been taken 12,529 times
    (12,412 since last reset)
  • The average score is 15 of 20

Answer Stats

DefinitionWord% Correct
Animal with a long neckGGiraffe
97%
Dip made of chickpeas, tahini, etc...HHummus
92%
Trip to hunt or photograph wild animalsSSafari
91%
Branch of mathematics dealing with
rules for solving certain equations
AAlgebra
88%
Tropical rainy season where it rains for
several months with little interruption
MMonsoon
87%
One who kills a political leader or
other prominent figure
AAssassin
87%
Unit of weight used to measure gemsCCarat
86%
Embalmed human corpseMMummy
85%
Commander of a fleet of shipsAAdmiral
79%
Leader of the Ottoman EmpireSSultan
78%
Group of wives and concubinesHHarem
77%
Plant whose white flowers are used
to flavor green tea
JJasmine
77%
Deep red colorCCrimson
70%
Something fun to drink with chemical
formula C2H6O
AAlcohol
69%
Type of bird with a long wingspanAAlbatross
63%
Medieval string instrumentLLute
62%
Leader of an Arab tribe or villageSSheik
53%
A demon who feeds on corpses;
Alternately, a graverobber
GGhoul
49%
Opposite of zenithNNadir
49%
Plant that horses eatAAlfalfa
32%

Score Distribution

Percentile by Number Answered

Percent of People with Each Score

Your Score History

You have not taken this quiz since the last reset